Statistics for Guess the portuguese city/town by picture 3

Click here to take the quiz!

General Stats

  • This quiz has been taken 4 times
  • The average score is 16 of 28

Answer Stats

Answer% Correct
Alcobaça
100%
Batalha
100%
Nazaré
100%
Porto de Mós
100%
Sintra
100%
Alcochete
50%
Almeida
50%
Arcos de Valdevez
50%
Caldas da Rainha
50%
Cascais
50%
Castelo de Vide
50%
Estremoz
50%
Grândola
50%
Ílhavo
50%
Lagos
50%
Lousã
50%
Mafra
50%
Manteigas
50%
Marvão
50%
Óbidos
50%
Ourém
50%
Ovar
50%
Penafiel
50%
Ponte de Lima
50%
São João da Madeira
50%
Vila Viçosa
50%
Oeiras
0%
Palmela
0%

Score Distribution

Percentile by Number Answered

Percent of People with Each Score

Your Score History

You have not taken this quiz